[Event "Porticcio op 2nd"]
[Site "Grosseto Prugna"]
[Date "2015.06.28"]
[Round "3"]
[White "Fedorchuk, Sergey A"]
[Black "Malassagne, Raphael"]
[Result "1-0"]
[WhiteElo "2647"]
[BlackElo "2185"]
[PlyCount "66"]
[EventDate "2015.06.27"]
[EventType "swiss"]
[EventRounds "9"]
[EventCountry "FRA"]
[SourceTitle "CBM 167 Extra"]
[Source "ChessBase"]
[SourceDate "2015.09.14"]
[SourceVersion "1"]
[SourceVersionDate "2015.09.14"]
[SourceQuality "1"]

1. e4 c6 2. Nc3 d5 3. Nf3 Bg4 4. h3 Bh5 5. exd5 cxd5 6. g4 Bg6 7. Ne5 Nc6 8. Bb5 Rc8 9. d4 e6 10. h4 f6 11. Bxc6+ bxc6 12. Nxg6 hxg6 13. Qd3 Kf7 14. Ne2 Qa5+ 15. c3 Qb5 16. Qc2 Bd6 17. Bf4 Bb8 18. 0-0-0 Ne7 19. Rde1 c5 20. Bxb8 Rxb8 21. h5 gxh5 22. gxh5 Rb6 23. dxc5 Qxc5 24. Nf4 Rhb8 25. Nd3 Qc4 26. h6 g5 27. f4 g4 28. Rh4 g3 29. Qe2 Qxa2 30. Nb4 Qa1+ 31. Kc2 Qa4+ 32. b3 Qa5 33. Qh5+ Ng6 1-0

[Event "Marseille op 6th"]
[Site "Marseille"]
[Date "2013.12.28"]
[Round "6"]
[White "Malassagne, Raphael"]
[Black "Alexieva, Silvia"]
[Result "1/2-1/2"]
[WhiteElo "2124"]
[BlackElo "2259"]
[PlyCount "49"]
[EventDate "2013.12.26"]
[EventType "swiss"]
[EventRounds "9"]
[EventCountry "FRA"]
[SourceTitle "CBM 158 Extra"]
[Source "ChessBase"]
[SourceDate "2014.02.28"]
[SourceVersion "1"]
[SourceVersionDate "2014.02.28"]
[SourceQuality "1"]

1. c4 e5 2. g3 Nf6 3. Bg2 d5 4. cxd5 Nxd5 5. Nf3 Nc6 6. 0-0 Nb6 7. b3 Bd6 8. Bb2 0-0 9. d4 exd4 10. Bxd4 Nxd4 11. Qxd4 Be7 12. Nc3 Qxd4 13. Nxd4 Bf6 14. e3 c5 15. Nde2 c4 16. Nd4 Rd8 17. Rfd1 Bg4 18. Rd2 Rd7 19. h3 Be6 20. Rad1 cxb3 21. axb3 Bxb3 22. Nxb3 Rxd2 23. Rxd2 Bxc3 24. Rd3 Bb4 25. Bxb7 1/2-1/2

[Event "Sautron op 13th"]
[Site "Sautron"]
[Date "2013.10.29"]
[Round "5"]
[White "Malassagne, Raphael"]
[Black "Drasko, Milan"]
[Result "0-1"]
[WhiteElo "2137"]
[BlackElo "2451"]
[PlyCount "69"]
[EventDate "2013.10.26"]
[EventType "swiss"]
[EventRounds "9"]
[EventCountry "FRA"]
[SourceTitle "EXT 2016"]
[Source "ChessBase"]
[SourceDate "2015.10.08"]
[SourceVersion "1"]
[SourceVersionDate "2015.10.08"]
[SourceQuality "1"]

1. d4 e6 2. Nf3 Nf6 3. Bf4 b6 4. e3 Bb7 5. Nbd2 d6 6. Bd3 Nbd7 7. e4 h6 8. Qe2 g5 9. Bg3 Nh5 10. e5 g4 11. exd6 Bxd6 12. Nh4 Nf4 13. Bxf4 Bxf4 14. Be4 Bxd2+ 15. Kxd2 Qg5+ 16. Ke1 0-0-0 17. g3 Nf6 18. Bxb7+ Kxb7 19. c3 c5 20. dxc5 Qxc5 21. Rd1 Rd5 22. Rxd5 Qxd5 23. f3 gxf3 24. Nxf3 Qxa2 25. Rf1 Qb1+ 26. Kf2 Qe4 27. Qxe4+ Nxe4+ 28. Ke3 Nf6 29. Nd4 Ng4+ 30. Kf4 Rg8 31. Nf3 h5 32. Rd1 Kc7 33. Ne5 f6 34. Nf3 Kb7 35. Rf1 0-1

[Event "Sautron op 13th"]
[Site "Sautron"]
[Date "2013.10.??"]
[Round "6"]
[White "Eugene, Floryan"]
[Black "Malassagne, Raphael"]
[Result "1-0"]
[WhiteElo "1895"]
[BlackElo "2137"]
[PlyCount "95"]
[EventDate "2013.10.26"]
[EventType "swiss"]
[EventRounds "9"]
[EventCountry "FRA"]
[SourceTitle "EXT 2016"]
[Source "ChessBase"]
[SourceDate "2015.10.08"]
[SourceVersion "1"]
[SourceVersionDate "2015.10.08"]
[SourceQuality "1"]

1. e4 c6 2. d4 d5 3. Nc3 dxe4 4. Nxe4 Qd5 5. Nc3 Qa5 6. Bc4 Nf6 7. Nf3 Bf5 8. Ne5 e6 9. 0-0 Be7 10. Ne2 Nbd7 11. f4 Bg6 12. c3 Rd8 13. Qe1 c5 14. f5 exf5 15. Nf4 Nxe5 16. Qxe5 Kf8 17. b4 Qa4 18. Bb3 Qc6 19. bxc5 Re8 20. Ba3 Kg8 21. Nd5 Bf8 22. Nxf6+ gxf6 23. Qd5 Bh6 24. Qxc6 bxc6 25. Rae1 Be3+ 26. Kh1 Kg7 27. Ba4 f4 28. Bxc6 Rb8 29. Bc1 Rhc8 30. Bd5 Bd3 31. Rxf4 Bxf4 32. Bxf4 Re8 33. Rd1 Bc2 34. Rc1 Rb1 35. Rxb1 Bxb1 36. h3 f5 37. c6 Be4 38. Bb3 Bxc6 39. d5 Bd7 40. c4 Rc8 41. Bd6 a5 42. c5 Bb5 43. a4 Bd7 44. Kh2 Kf6 45. Kg3 Re8 46. Kf3 Re4 47. c6 Bc8 48. Bc5 1-0

[Event "Sautron op 13th"]
[Site "Sautron"]
[Date "2013.10.??"]
[Round "1"]
[White "Le Pen, Steven"]
[Black "Malassagne, Raphael"]
[Result "0-1"]
[WhiteElo "1957"]
[BlackElo "2137"]
[PlyCount "54"]
[EventDate "2013.10.26"]
[EventType "swiss"]
[EventRounds "9"]
[EventCountry "FRA"]
[SourceTitle "EXT 2016"]
[Source "ChessBase"]
[SourceDate "2015.10.08"]
[SourceVersion "1"]
[SourceVersionDate "2015.10.08"]
[SourceQuality "1"]

1. e4 c6 2. d4 d5 3. Nc3 dxe4 4. Nxe4 Nf6 5. Nxf6+ gxf6 6. Nf3 Bf5 7. Bd3 Bg6 8. Bf4 e6 9. 0-0 Bd6 10. Bxd6 Qxd6 11. c4 Nd7 12. Re1 0-0-0 13. Rb1 Bxd3 14. Qxd3 Ne5 15. Nxe5 fxe5 16. Qf3 exd4 17. Qxf7 Rde8 18. b4 Rhf8 19. Qxh7 Rh8 20. Qe4 Qxh2+ 21. Kf1 Rhg8 22. b5 d3 23. Qxd3 Qxg2+ 24. Ke2 Rg4 25. bxc6 Qxc6 26. Rec1 Qg2 27. Ke3 Rf8 0-1

[Event "Sautron op 13th"]
[Site "Sautron"]
[Date "2013.10.??"]
[Round "7"]
[White "Malassagne, Raphael"]
[Black "Mercier, Jean Loup"]
[Result "1-0"]
[WhiteElo "2137"]
[BlackElo "1802"]
[PlyCount "47"]
[EventDate "2013.10.26"]
[EventType "swiss"]
[EventRounds "9"]
[EventCountry "FRA"]
[SourceTitle "EXT 2016"]
[Source "ChessBase"]
[SourceDate "2015.10.08"]
[SourceVersion "1"]
[SourceVersionDate "2015.10.08"]
[SourceQuality "1"]

1. c4 c5 2. Nc3 Nc6 3. Nf3 g6 4. d4 cxd4 5. Nxd4 Bg7 6. e3 d6 7. Be2 Nf6 8. 0-0 0-0 9. h3 a6 10. b3 Nxd4 11. exd4 e6 12. Bf4 b6 13. Bf3 Ra7 14. Qc1 Bb7 15. Bxb7 Rxb7 16. Qa3 Rd7 17. Qxa6 d5 18. Nb5 dxc4 19. bxc4 Nh5 20. Be3 Qb8 21. Rad1 Rfd8 22. d5 exd5 23. Bxb6 Rc8 24. Rxd5 1-0

[Event "Sautron op 13th"]
[Site "Sautron"]
[Date "2013.10.??"]
[Round "9"]
[White "Malassagne, Raphael"]
[Black "Wendling, Robin"]
[Result "1-0"]
[WhiteElo "2137"]
[BlackElo "1414"]
[PlyCount "31"]
[EventDate "2013.10.26"]
[EventType "swiss"]
[EventRounds "9"]
[EventCountry "FRA"]
[SourceTitle "EXT 2016"]
[Source "ChessBase"]
[SourceDate "2015.10.08"]
[SourceVersion "1"]
[SourceVersionDate "2015.10.08"]
[SourceQuality "1"]

1. e4 c5 2. b3 Nc6 3. Bb2 e6 4. Nf3 d5 5. Nc3 d4 6. Ne2 Nf6 7. Ng3 Bd6 8. Qe2 Nb4 9. e5 Nxc2+ 10. Kd1 Nxa1 11. Bxa1 Qa5 12. Qb5+ Qxb5 13. Bxb5+ Bd7 14. Bxd7+ Kxd7 15. exd6 Kxd6 16. Re1 1-0

[Event "FRA-ch op-A"]
[Site "Nancy"]
[Date "2013.08.15"]
[Round "4"]
[White "Ringuet, Noe"]
[Black "Malassagne, Raphael"]
[Result "1/2-1/2"]
[WhiteElo "2055"]
[BlackElo "2158"]
[PlyCount "80"]
[EventDate "2013.08.11"]
[EventType "swiss"]
[EventRounds "11"]
[EventCountry "FRA"]
[SourceTitle "CBM 156 Extra"]
[Source "ChessBase"]
[SourceDate "2013.10.22"]
[SourceVersion "1"]
[SourceVersionDate "2013.10.22"]
[SourceQuality "1"]

1. e4 c6 2. Nc3 d5 3. Nf3 dxe4 4. Nxe4 Nf6 5. Qe2 Nxe4 6. Qxe4 Nd7 7. Bc4 Nf6 8. Ne5 e6 9. Qe2 Be7 10. c3 0-0 11. d4 c5 12. dxc5 Bxc5 13. Bg5 Be7 14. 0-0 Nd5 15. Bxe7 Qxe7 16. Bxd5 exd5 17. Rfe1 Be6 18. Qf3 Qf6 19. Qe2 Qe7 20. Qf3 Qf6 21. Qe2 Qe7 22. Qf3 Qf6 23. Qe2 Qe7 24. Qf3 Qf6 25. Qe2 Qe7 26. Qf3 Qf6 27. Qe2 Qe7 28. Qf3 Qf6 29. Qe2 Qe7 30. Qf3 Qf6 31. Qe2 Qe7 32. Qf3 Qf6 33. Qe2 Qe7 34. Qf3 Qf6 35. Qe2 Qe7 36. Qf3 Qf6 37. Qe2 Qe7 38. Qf3 Qf6 39. Qe2 Qe7 40. Qf3 Qf6 1/2-1/2